000 00558nam a2200193Ia 4500
003 OSt
005 20250530151402.0
008 210210b2000 xxu||||| |||| 00| 0 eng d
040 _cAL
041 _aKannada
082 _aK894.308 SHAP
100 _aSHANTINATHA DESAYI
_dಶಾಂತಿನಾಥ ದೇಸಾಯಿ
_9211880
245 _aParivartane: kathegalu
_bಪರಿವರ್ತನೆ: ಕಥೆಗಳು
260 _aMaisuru
_bAnanya Prakashana
_c2000
300 _a112
690 _aKannada Fiction
_9211881
906 _a036244
942 _2ddc
_cBK
999 _c86739
_d86739